00560nam a2200169 a 4500008004100000245008900041246004200130250001300172260004400185300002700229500002000256650005200276650003500328003000100363005001700364040000900381 10aThe statute law of Southern Rhodesia 1974:bin force on the 1st day of January, 1939 aThe Statute law of Southern Rhodesia. aRev. ed. aSalisbury :bGovernment Printer,c1939. aviii, 615 p. ;c23 cm. aIncludes index. aLaw-Interpretation and ConstructionzRhodesia.  aAdministrative actszZimbabwe.20230120191421.0 cNUST